[Event "European Seniors Teams Ch."]
[Site "Olympus"]
[Date "2011.05.11"]
[Round "9"]
[Board "4"]
[White "Hajenius, Willem"]
[Black "Kanko, Ilkka"]
[Result "0-1"]
[WhiteElo "1983"]
[BlackElo "2231"]
[PlyCount "82"]
[EventDate "2011.05.03"]
[EventType "team"]
[EventRounds "9"]
[EventCountry "GRE"]
[WhiteTeam "Belgium"]
[BlackTeam "Finland 1"]

1.d4 Nf6 2.c4 e6 3.Nc3 Bb4 4.Bg5 h6 5.Bh4 O-O 6.e3 b6 7.f3 Bb7 8.Bd3 d5 9.Nge2
c5 10.a3 dxc4 11.Bxc4 Ba5 12.O-O Nbd7 13.Rb1 cxd4 14.exd4 Rc8 15.Ba2 Bxc3
16.bxc3 Ba6 17.Be1 Bc4 18.Bxc4 Rxc4 19.Qb3 Qc7 20.Bd2 Nd5 21.Rbc1 Rc8 22.Qc2 Qc6
23.Qd3 Qa4 24.f4 f5 25.g4 Rf8 26.Ng3 Ne7 27.g5 hxg5 28.fxg5 Ng6 29.Qe2 Rc6
30.Qh5 Kf7 31.d5 exd5 32.Rce1 Kg8 33.Nxf5 Qxa3 34.Re3 Qc5 35.Kg2 d4 36.cxd4 Qd5+
37.Kg1 Rxf5 38.Rxf5 Qxf5 39.Rf3 Qb1+ 40.Rf1 Qe4 41.Be1 Rc2 0-1

[Event "European Seniors Teams Ch."]
[Site "Olympus"]
[Date "2011.05.11"]
[Round "9"]
[Board "2"]
[White "Rosen, Willy"]
[Black "Tsomis, Dimitrios"]
[Result "1-0"]
[WhiteElo "2285"]
[BlackElo "2187"]
[PlyCount "101"]
[EventDate "2011.05.03"]
[EventType "team"]
[EventRounds "9"]
[EventCountry "GRE"]
[WhiteTeam "Sportfreunde, Katernberg"]
[BlackTeam "Greece"]

1.e4 c5 2.Nf3 d6 3.d4 cxd4 4.Nxd4 Nf6 5.Nc3 a6 6.f3 e6 7.Be3 b5 8.Qd2 Bb7 9.g4
Nc6 10.g5 Nd7 11.h4 Nxd4 12.Qxd4 Ne5 13.Be2 Qc7 14.O-O-O Nc6 15.Qd2 O-O-O 16.Qe1
Ne5 17.Qf2 Nc4 18.Bxc4 Qxc4 19.Rd4 Qc6 20.a4 Be7 21.Qe2 Kb8 22.Rhd1 Rc8 23.Bg1
h6 24.axb5 axb5 25.Nxb5 Qa6 26.Rb4 hxg5 27.hxg5 Qa1+ 28.Kd2 Qa5 29.c3 d5 30.Rb3
dxe4 31.Kc2 Rhd8 32.Rxd8 Qxd8 33.fxe4 e5 34.Na7 Qd7 35.Nxc8 Kxc8 36.Rxb7 Qxb7
37.Qc4+ Kd8 38.Be3 Ke8 39.b4 Qd7 40.b5 Qb7 41.Qd5 Qb8 42.Qc6+ Kf8 43.b6 Bd6
44.c4 Qd8 45.Qd5 Qd7 46.Kc3 Ke7 47.c5 Bb8 48.c6 Qh3 49.Qd3 Bd6 50.b7 Qe6 51.Bb6 1-0

[Event "European Seniors Teams Ch."]
[Site "Olympus"]
[Date "2011.05.11"]
[Round "9"]
[Board "4"]
[White "Armbruester, Juergen"]
[Black "Kaloskambis, Mihail"]
[Result "1/2-1/2"]
[WhiteElo "1600"]
[BlackElo "2041"]
[PlyCount "33"]
[EventDate "2011.05.03"]
[EventType "team"]
[EventRounds "9"]
[EventCountry "GRE"]
[WhiteTeam "Sportfreunde, Katernberg"]
[BlackTeam "Greece"]

1.e4 c5 2.Nf3 Nf6 3.Nc3 d5 4.exd5 Nxd5 5.Bb5+ Bd7 6.Ne5 Nf6 7.Nxd7 Nbxd7 8.O-O
a6 9.Be2 e6 10.Bf3 Qc7 11.d3 Ne5 12.Ne4 Nxf3+ 13.Qxf3 Nxe4 14.Qxe4 Bd6 15.h3 O-O
16.Be3 Rad8 17.d4 1/2-1/2

[Event "European Seniors Teams Ch."]
[Site "Olympus"]
[Date "2011.05.11"]
[Round "9"]
[Board "1"]
[White "Byway, Paul V"]
[Black "Titz, Heimo"]
[Result "0-1"]
[WhiteElo "2162"]
[BlackElo "2183"]
[PlyCount "186"]
[EventDate "2011.05.03"]
[EventType "team"]
[EventRounds "9"]
[EventCountry "GRE"]
[WhiteTeam "England 1"]
[BlackTeam "Niederoesterreich"]

1.Nf3 Nf6 2.c4 c5 3.g3 Nc6 4.Bg2 d6 5.d4 cxd4 6.Nxd4 Bd7 7.Nc3 g6 8.O-O Bg7
9.Nc2 O-O 10.b3 Qa5 11.Nb5 Rfc8 12.Bd2 Qd8 13.Nc3 Rab8 14.Rc1 a6 15.a4 a5 16.Ne3
Nb4 17.Ncd5 Nfxd5 18.Nxd5 Nxd5 19.Bxd5 Bc6 20.Be3 e6 21.Bg2 Bxg2 22.Kxg2 Rc6
23.Qd3 b6 24.Rcd1 Qc7 25.Bf4 Rd8 26.e4 Bf6 27.Qf3 e5 28.Bc1 Be7 29.Rd3 Qd7
30.Rfd1 Qe6 31.Rd5 Rd7 32.Bb2 f6 33.Ba3 Kf7 34.Rb5 Bd8 35.Qd3 Ke7 36.Rd5 Bc7
37.Qe3 Kf7 38.Bb2 Kg8 39.R5d2 Bd8 40.Re2 Be7 41.Rf1 Bf8 42.Bc1 Rf7 43.Qd3 Qc8
44.Be3 Qb7 45.Qd5 Rc8 46.Rd1 Rc6 47.Rb2 Qc8 48.Re2 Kg7 49.Rf1 Qb7 50.f4 Rc8
51.Ref2 Rcc7 52.Qxb7 Rxb7 53.Rd2 Rfc7 54.Rd5 Rc6 55.Rfd1 Kf7 56.fxe5 fxe5
57.Rf1+ Ke8 58.Rd2 Rf7 59.Rdf2 Rxf2+ 60.Rxf2 Be7 61.Kf1 Bd8 62.Ke2 Rc8 63.Kd3
Ra8 64.Kc3 Ra7 65.Rd2 Kd7 66.c5 bxc5 67.Bxc5 Ra6 68.Be3 Rc6+ 69.Kd3 Bb6 70.Bf2
Ke6 71.Rb2 d5 72.Be1 Rc1 73.Re2 dxe4+ 74.Rxe4 Kd5 75.Bd2 Rd1 76.Rh4 h5 77.g4 Bd8
78.Rh3 Bg5 79.gxh5 Rxd2+ 80.Kc3 gxh5 81.Rxh5 Bf4 82.h3 Rh2 83.Rh8 Bd2+ 84.Kc2
Bh6+ 85.Kd1 Rxh3 86.Ra8 Rxb3 87.Rxa5+ Ke4 88.Kc2 Ra3 89.Ra8 Be3 90.a5 Bd4 91.a6
Rc3+ 92.Kd2 Rc7 93.Ke2 Ra7 0-1

[Event "European Seniors Teams Ch."]
[Site "Olympus"]
[Date "2011.05.11"]
[Round "9"]
[Board "2"]
[White "Winiwarter, Felix"]
[Black "James, Geoffrey H"]
[Result "1/2-1/2"]
[WhiteElo "2167"]
[BlackElo "2207"]
[PlyCount "43"]
[EventDate "2011.05.03"]
[EventType "team"]
[EventRounds "9"]
[EventCountry "GRE"]
[WhiteTeam "Niederoesterreich"]
[BlackTeam "England 1"]

1.e4 e5 2.Nf3 Nc6 3.d4 exd4 4.Nxd4 Bc5 5.Be3 Qf6 6.c3 Nge7 7.Be2 O-O 8.O-O d5
9.Nxc6 Qxc6 10.exd5 Nxd5 11.Bxc5 Qxc5 12.Bf3 Be6 13.Nd2 Rfd8 14.Nb3 Qb6 15.Qd4
Qxd4 16.Nxd4 Bc8 17.Rfe1 Kf8 18.Re4 c6 19.Rae1 Bd7 20.g3 Nf6 21.Re5 Re8 22.Bg2 1/2-1/2

[Event "European Seniors Teams Ch."]
[Site "Olympus"]
[Date "2011.05.11"]
[Round "9"]
[Board "3"]
[White "Norman, Kenneth I"]
[Black "Weinwurm, Wolfgang"]
[Result "1/2-1/2"]
[WhiteElo "2188"]
[BlackElo "2190"]
[PlyCount "50"]
[EventDate "2011.05.03"]
[EventType "team"]
[EventRounds "9"]
[EventCountry "GRE"]
[WhiteTeam "England 1"]
[BlackTeam "Niederoesterreich"]

1.Nf3 Nf6 2.g3 g6 3.b3 Bg7 4.Bb2 O-O 5.Bg2 c5 6.c4 d5 7.cxd5 Nxd5 8.Bxg7 Kxg7
9.O-O Nc6 10.Qc1 b6 11.Nc3 e6 12.Qb2 Qf6 13.Rad1 Ba6 14.Rfe1 Rad8 15.Rc1 Rd7
16.Qa3 Ndb4 17.Qa4 Rb8 18.Qa3 Rbd8 19.Ne4 Qe7 20.Qb2+ f6 21.Nc3 Nd4 22.d3 Bb7
23.Nxd4 cxd4 24.Ne4 e5 25.a3 Nd5 1/2-1/2

[Event "European Seniors Teams Ch."]
[Site "Olympus"]
[Date "2011.05.11"]
[Round "9"]
[Board "4"]
[White "Strobel, Ferdinand"]
[Black "Singleton, Michael P F"]
[Result "1-0"]
[WhiteElo "2128"]
[BlackElo "2162"]
[PlyCount "99"]
[EventDate "2011.05.03"]
[EventType "team"]
[EventRounds "9"]
[EventCountry "GRE"]
[WhiteTeam "Niederoesterreich"]
[BlackTeam "England 1"]

1.f4 d5 2.Nf3 Nf6 3.g3 g6 4.Bg2 c5 5.d3 Bg7 6.O-O O-O 7.c3 Nc6 8.h3 Qc7 9.Qe1 b6
10.Na3 Ba6 11.g4 Rad8 12.f5 Ne8 13.Qh4 Ne5 14.Bf4 Nxf3+ 15.Rxf3 Be5 16.Raf1 Bxf4
17.Rxf4 Qe5 18.e4 Bxd3 19.exd5 Bxf1 20.Rxf1 Nf6 21.Nc4 Qc7 22.d6 Rxd6 23.Nxd6
Qxd6 24.Qf2 Kg7 25.Qe3 Rd8 26.Rf2 Rd7 27.Bf1 Nd5 28.Qf3 g5 29.Bb5 Rd8 30.Bc4 Nf4
31.Bf1 Qd5 32.Qe3 Qd6 33.h4 h6 34.hxg5 hxg5 35.b3 Qd1 36.Qe5+ Kg8 37.Qxe7 Nh3+
38.Kg2 Qxg4+ 39.Kh2 Rd1 40.Qe8+ Kh7 41.Qxf7+ Kh8 42.Qf6+ Kh7 43.Qg6+ Kh8 44.Qh6+
Kg8 45.Bc4+ Qxc4 46.bxc4 Nxf2 47.Qxg5+ Kf8 48.Qf6+ Kg8 49.Qe6+ Kh8 50.Qe2 1-0

[Event "European Seniors Teams Ch."]
[Site "Olympus"]
[Date "2011.05.11"]
[Round "9"]
[Board "1"]
[White "Rodriguez Vargas, Orestes"]
[Black "Malmdin, Nils-Ake"]
[Result "1-0"]
[WhiteElo "2405"]
[BlackElo "2278"]
[PlyCount "81"]
[EventDate "2011.05.03"]
[EventType "team"]
[EventRounds "9"]
[EventCountry "GRE"]
[WhiteTeam "Catalonia"]
[BlackTeam "Sweden 1"]

1.d4 Nf6 2.c4 e6 3.Nf3 Bb4+ 4.Bd2 c5 5.Bxb4 cxb4 6.a3 bxa3 7.Rxa3 O-O 8.Nc3 d6
9.g3 Nc6 10.Bg2 e5 11.O-O Bg4 12.d5 Nb8 13.Ne1 Na6 14.Qd2 Qb6 15.Nc2 Rfc8 16.b3
h6 17.Kh1 Re8 18.e4 Bd7 19.f4 exf4 20.gxf4 Nb4 21.Nd4 a6 22.Raa1 Qc5 23.Rae1 Qc7
24.Re3 Re7 25.Rg3 Nh5 26.Re3 Rae8 27.Re2 Qc5 28.Nf3 b5 29.e5 bxc4 30.bxc4 Qxc4
31.Re4 Qc5 32.Rd4 a5 33.Ne4 Qb6 34.Nxd6 Rb8 35.Rb1 Bb5 36.Nxb5 Qxb5 37.d6 Rd7
38.f5 Kh7 39.Rg4 g6 40.fxg6+ fxg6 41.e6 1-0

[Event "European Seniors Teams Ch."]
[Site "Olympus"]
[Date "2011.05.11"]
[Round "9"]
[Board "2"]
[White "Petersson, Gosta"]
[Black "Simon Padros, Emili"]
[Result "1/2-1/2"]
[WhiteElo "2113"]
[BlackElo "2281"]
[PlyCount "83"]
[EventDate "2011.05.03"]
[EventType "team"]
[EventRounds "9"]
[EventCountry "GRE"]
[WhiteTeam "Sweden 1"]
[BlackTeam "Catalonia"]

1.c4 e6 2.Nc3 f5 3.g3 Nf6 4.Bg2 d5 5.e3 c6 6.b3 Nbd7 7.Nge2 dxc4 8.bxc4 Ne5 9.d4
Nxc4 10.O-O Nb6 11.f3 Bb4 12.Qb3 Bxc3 13.Nxc3 O-O 14.Bb2 Nbd5 15.Na4 Kh8 16.e4
Nc7 17.Nc5 b6 18.Nd3 Ba6 19.Rfd1 fxe4 20.fxe4 Ng4 21.Nf4 Qe8 22.Rac1 Nf6 23.Qc2
Bb7 24.Nd3 Qh5 25.Ne5 Ng4 26.Nxg4 Qxg4 27.Rf1 Qg6 28.Rxf8+ Rxf8 29.Rf1 Rxf1+
30.Kxf1 h5 31.Kf2 Ne8 32.Qe2 Nf6 33.Bf3 c5 34.dxc5 Nxe4+ 35.Bxe4 Bxe4 36.cxb6
axb6 37.Qd2 Bd5 38.a3 Qf5+ 39.Ke1 Kh7 40.Qd4 Qe4+ 41.Qxe4+ Bxe4 42.a4 1/2-1/2

[Event "European Seniors Teams Ch."]
[Site "Olympus"]
[Date "2011.05.11"]
[Round "9"]
[Board "3"]
[White "Coll Enriquez, Lluis"]
[Black "Svensson, Soren"]
[Result "1-0"]
[WhiteElo "2182"]
[BlackElo "2109"]
[PlyCount "65"]
[EventDate "2011.05.03"]
[EventType "team"]
[EventRounds "9"]
[EventCountry "GRE"]
[WhiteTeam "Catalonia"]
[BlackTeam "Sweden 1"]

1.e4 e5 2.d4 exd4 3.Qxd4 Nc6 4.Qe3 Bb4+ 5.c3 Ba5 6.Qg3 Qf6 7.Nf3 d6 8.Bb5 Bd7
9.O-O Qg6 10.Qh4 f6 11.Nbd2 Nge7 12.b4 Bb6 13.Nc4 O-O-O 14.a4 a6 15.Nxb6+ cxb6
16.Bc4 Ne5 17.Nxe5 dxe5 18.Be3 Kc7 19.a5 Nc8 20.f3 Rhf8 21.Qf2 f5 22.Bd5 f4
23.Bxb6+ Nxb6 24.Qc5+ Kb8 25.axb6 Rc8 26.Qa5 Bc6 27.Bc4 Rce8 28.b5 Bxe4 29.bxa6
Bc6 30.axb7 Bxb7 31.Bd5 Kc8 32.Bxb7+ Kxb7 33.Qd5+ 1-0

[Event "European Seniors Teams Ch."]
[Site "Olympus"]
[Date "2011.05.11"]
[Round "9"]
[Board "4"]
[White "Sandklef, Ake"]
[Black "Lluverol Torrents, Salvador"]
[Result "1/2-1/2"]
[WhiteElo "2017"]
[BlackElo "2025"]
[PlyCount "58"]
[EventDate "2011.05.03"]
[EventType "team"]
[EventRounds "9"]
[EventCountry "GRE"]
[WhiteTeam "Sweden 1"]
[BlackTeam "Catalonia"]

1.d4 d5 2.c4 dxc4 3.e3 Be6 4.Nc3 c6 5.a4 a5 6.Nf3 Nd7 7.Ng5 Bf5 8.Bxc4 e6 9.e4
Bg6 10.O-O Nb6 11.Bb3 Be7 12.Nf3 Nf6 13.Re1 O-O 14.Ne5 Nbd7 15.Nxg6 hxg6 16.Be3
Bb4 17.f3 Rc8 18.Re2 Nb6 19.Qf1 Nbd7 20.Rd1 Qe7 21.e5 Nd5 22.Ne4 Nxe3 23.Rxe3
Nb6 24.f4 Rfd8 25.Rh3 c5 26.Qf3 Rxd4 27.Ng5 Qd7 28.Rf1 c4 29.Bc2 Rd2 {46 moves} 1/2-1/2

[Event "European Seniors Teams Ch."]
[Site "Olympus"]
[Date "2011.05.11"]
[Round "9"]
[Board "1"]
[White "Pekun, Cem"]
[Black "Vucenovic, Dragomir"]
[Result "0-1"]
[WhiteElo "2151"]
[BlackElo "2249"]
[PlyCount "128"]
[EventDate "2011.05.03"]
[EventType "team"]
[EventRounds "9"]
[EventCountry "GRE"]
[WhiteTeam "Turkey"]
[BlackTeam "Switzerland"]

1.e4 c5 2.Nf3 e6 3.d4 cxd4 4.Nxd4 a6 5.Nc3 Qc7 6.Bd3 Bc5 7.Nb3 Be7 8.Bd2 Nf6
9.Qe2 d6 10.O-O Nc6 11.f4 O-O 12.Kh1 b5 13.Rae1 b4 14.e5 bxc3 15.exf6 Bxf6
16.Bxc3 Bxc3 17.bxc3 g6 18.Nd4 Ne7 19.f5 Nxf5 20.Bxf5 exf5 21.Qd2 Qc5 22.Re7 Rb8
23.Rfe1 Bb7 24.h3 Be4 25.Nb3 Qb6 26.Nd4 Qc5 27.Nb3 Qb6 28.Nd4 d5 29.Qh6 Qf6
30.Ne6 Rbe8 31.Nxf8 Rxe7 32.Nxh7 Qg7 33.Qh4 Re6 34.Ng5 Re8 35.c4 f6 36.Nf3 dxc4
37.Nd2 Qe7 38.Nf3 Rd8 39.Qh6 Qg7 40.Qe3 Qd7 41.Qh6 Qg7 42.Qe3 Kh7 43.Qc5 Qb7
44.a4 Rd7 45.Rf1 Qc7 46.Qf2 Qf4 47.Qe1 Bxc2 48.Qe6 Qd6 49.Qxc4 Be4 50.Qc3 Rc7
51.Qb3 Qg3 52.a5 Bxf3 53.Qxf3 Qxf3 54.Rxf3 Rc1+ 55.Kh2 Ra1 56.Re3 Rxa5 57.Re7+
Kh6 58.Rf7 Kg5 59.g3 Ra2+ 60.Kg1 f4 61.gxf4+ Kf5 62.h4 Ra4 63.h5 gxh5 64.Rh7 Kg4
0-1

[Event "European Seniors Teams Ch."]
[Site "Olympus"]
[Date "2011.05.11"]
[Round "9"]
[Board "3"]
[White "Ozbilen, Hayri"]
[Black "Hohler, Peter"]
[Result "0-1"]
[WhiteElo "2059"]
[BlackElo "2157"]
[PlyCount "122"]
[EventDate "2011.05.03"]
[EventType "team"]
[EventRounds "9"]
[EventCountry "GRE"]
[WhiteTeam "Turkey"]
[BlackTeam "Switzerland"]

1.e4 e5 2.Nf3 Nc6 3.Bb5 a6 4.Ba4 Nf6 5.O-O Be7 6.Re1 b5 7.Bb3 d6 8.c3 O-O 9.h3
Na5 10.Bc2 c5 11.d4 Qc7 12.d5 Nc4 13.b3 Nb6 14.Nbd2 c4 15.b4 a5 16.Ba3 axb4
17.Bxb4 Na4 18.Nh4 g6 19.Nhf3 Nd7 20.Bxa4 Rxa4 21.g4 Nb6 22.Nf1 Rd8 23.a3 Ra7
24.Ne3 Na4 25.Qd2 Nc5 26.Bxc5 Qxc5 27.Nc2 Bd7 28.Qh6 Bf8 29.Qg5 Re8 30.Nb4 Kg7
31.Qd2 Be7 32.Kg2 Rh8 33.Rh1 Raa8 34.g5 Raf8 35.h4 f5 36.Rae1 fxe4 37.Rxe4 Rf7
38.Nc2 Rhf8 39.Re3 Bd8 40.Rf1 Bb6 41.Nh2 Qc8 42.Rg3 Rxf2+ 43.Rxf2 Rxf2+ 44.Qxf2
Bxf2 45.Kxf2 Qc5+ 46.Re3 Qxd5 47.Nf1 Bf5 48.Ne1 Qc5 49.Nf3 Qxa3 50.h5 Qa2+
51.Re2 Qa7+ 52.Re3 h6 53.Ng3 Bd3 54.hxg6 hxg5 55.Nxg5 Kxg6 56.N5e4 d5 57.Nd2 Qa2
58.Rxd3 cxd3 59.Ke3 e4 60.Ngf1 Qa7+ 61.Kf4 Qc7+ 0-1

[Event "European Seniors Teams Ch."]
[Site "Olympus"]
[Date "2011.05.11"]
[Round "9"]
[Board "4"]
[White "Illi, Hans-Joerg"]
[Black "Bapoglu, Ibrahim"]
[Result "1-0"]
[WhiteElo "2141"]
[BlackElo "1828"]
[PlyCount "77"]
[EventDate "2011.05.03"]
[EventType "team"]
[EventRounds "9"]
[EventCountry "GRE"]
[WhiteTeam "Switzerland"]
[BlackTeam "Turkey"]

1.d4 Nf6 2.Nf3 b6 3.Bg5 Bb7 4.Bxf6 exf6 5.e3 Be7 6.c4 d5 7.Nc3 O-O 8.cxd5 Bxd5
9.Bd3 Bb7 10.O-O Re8 11.Qc2 g6 12.Bb5 c6 13.Be2 Bf8 14.e4 Na6 15.a3 Rc8 16.Rad1
Nc7 17.Rfe1 Bg7 18.Bc4 Re7 19.Re2 Qe8 20.b4 a6 21.a4 b5 22.Ba2 Ne6 23.Bxe6 Rxe6
24.a5 Bf8 25.Qb3 Qe7 26.Rb2 Qc7 27.Rd3 Rce8 28.Re3 Qd6 29.h3 g5 30.e5 Qc7 31.Ne4
fxe5 32.dxe5 h6 33.Nf6+ Kg7 34.Qd3 Rxe5 35.Nxe8+ Rxe8 36.Rxe8 Bd6 37.Rbe2 Qd7
38.Qd4+ f6 39.R8e7+ 1-0

[Event "European Seniors Teams Ch."]
[Site "Olympus"]
[Date "2011.05.11"]
[Round "9"]
[Board "1"]
[White "Watzka, Horst"]
[Black "Einarsson, Arnthor"]
[Result "1/2-1/2"]
[WhiteElo "2274"]
[BlackElo "2227"]
[PlyCount "40"]
[EventDate "2011.05.03"]
[EventType "team"]
[EventRounds "9"]
[EventCountry "GRE"]
[WhiteTeam "Steiermark, Austria"]
[BlackTeam "Polar Bears Iceland"]

1.e4 d6 2.d4 g6 3.Nc3 Bg7 4.Be3 Nf6 5.Nf3 Bg4 6.Be2 Nc6 7.O-O Nd7 8.d5 Ncb8
9.Bd4 Nf6 10.e5 dxe5 11.Nxe5 Bxe2 12.Qxe2 O-O 13.Rad1 Nbd7 14.Rfe1 Re8 15.Qf3
Nxe5 16.Bxe5 Qd7 17.Rd3 Rac8 18.h3 c6 19.dxc6 Qxc6 20.Qxc6 Rxc6 1/2-1/2

[Event "European Seniors Teams Ch."]
[Site "Olympus"]
[Date "2011.05.11"]
[Round "9"]
[Board "2"]
[White "Gunnarsson, Gunnar K"]
[Black "Kratschmer, Heinz"]
[Result "1/2-1/2"]
[WhiteElo "2209"]
[BlackElo "2177"]
[PlyCount "79"]
[EventDate "2011.05.03"]
[EventType "team"]
[EventRounds "9"]
[EventCountry "GRE"]
[WhiteTeam "Polar Bears Iceland"]
[BlackTeam "Steiermark, Austria"]

1.d4 Nf6 2.c4 g6 3.Nc3 d5 4.cxd5 Nxd5 5.e4 Nxc3 6.bxc3 Bg7 7.Be3 c5 8.Nf3 Qa5
9.Qd2 cxd4 10.cxd4 Qxd2+ 11.Kxd2 O-O 12.Rc1 Nc6 13.Bb5 Rd8 14.d5 f5 15.Rxc6 bxc6
16.Bxc6 Rb8 17.Rc1 fxe4 18.Ng5 e6 19.Bxa7 Rb2+ 20.Rc2 Rxc2+ 21.Kxc2 exd5 22.Bb8
Bf6 23.Bc7 Bxg5 24.Bxd8 Bxd8 25.Bxd5+ Kg7 26.Bxe4 Bf5 27.Kd3 Kf6 28.h3 Ke5
29.Bxf5 Kxf5 30.Ke3 Bb6+ 31.Kf3 Ke5 32.Kg3 Ke4 33.a4 Ba5 34.Kg4 Bd2 35.h4 h6
36.f3+ Ke5 37.g3 Kf6 38.h5 g5 39.f4 gxf4 40.gxf4 1/2-1/2

[Event "European Seniors Teams Ch."]
[Site "Olympus"]
[Date "2011.05.11"]
[Round "9"]
[Board "3"]
[White "Nickl, Klaus"]
[Black "Finnlaugsson, Gunnar"]
[Result "1/2-1/2"]
[WhiteElo "2149"]
[BlackElo "2075"]
[PlyCount "60"]
[EventDate "2011.05.03"]
[EventType "team"]
[EventRounds "9"]
[EventCountry "GRE"]
[WhiteTeam "Steiermark, Austria"]
[BlackTeam "Polar Bears Iceland"]

1.d4 Nf6 2.Bg5 Ne4 3.Bf4 c5 4.f3 Qa5+ 5.c3 Nf6 6.Nd2 cxd4 7.Nb3 Qb6 8.Qxd4 Qxd4
9.cxd4 d5 10.Rc1 Nc6 11.e3 Nh5 12.Bg5 h6 13.Bh4 g5 14.Bf2 e6 15.Bb5 Bd7 16.Nc5
Bxc5 17.Rxc5 Nf6 18.Ne2 Rc8 19.O-O a6 20.Bd3 O-O 21.a3 Ra8 22.b4 Rfc8 23.Rfc1
Kf8 24.Bg3 Ke7 25.e4 Na7 26.Be5 Bc6 27.Bxf6+ Kxf6 28.e5+ Ke7 29.Kf2 Kd7 30.Ke3
Bb5 1/2-1/2

[Event "European Seniors Teams Ch."]
[Site "Olympus"]
[Date "2011.05.11"]
[Round "9"]
[Board "4"]
[White "Kristjansson, Sigurdur"]
[Black "Pitzl, Konstantinos"]
[Result "1/2-1/2"]
[WhiteElo "1945"]
[BlackElo "2095"]
[PlyCount "100"]
[EventDate "2011.05.03"]
[EventType "team"]
[EventRounds "9"]
[EventCountry "GRE"]
[WhiteTeam "Polar Bears Iceland"]
[BlackTeam "Steiermark, Austria"]

1.c4 Nf6 2.Nc3 g6 3.Nf3 Bg7 4.g3 O-O 5.Bg2 d6 6.d4 Nc6 7.d5 Nb8 8.O-O a5 9.Rb1
e5 10.e4 Na6 11.Be3 Ng4 12.Bg5 f6 13.Bd2 Nc5 14.Ne1 f5 15.f3 Nh6 16.Be3 b6
17.Nd3 Nxd3 18.Qxd3 fxe4 19.Nxe4 Nf5 20.Bf2 h6 21.b3 Ne7 22.Rbd1 Bf5 23.Qd2 g5
24.a3 Bd7 25.b4 axb4 26.axb4 Nf5 27.c5 bxc5 28.bxc5 Be8 29.cxd6 cxd6 30.Bh3 Nd4
31.Bxd4 exd4 32.Be6+ Kh8 33.f4 gxf4 34.Rxf4 Bg6 35.Rxf8+ Qxf8 36.Re1 Bxe4
37.Rxe4 Qf3 38.Re1 d3 39.Qf2 Qxf2+ 40.Kxf2 Bd4+ 41.Kf3 Rf8+ 42.Ke4 d2 43.Rd1 Bc3
44.Ke3 Kg7 45.h4 Bb4 46.g4 Ra8 47.Kf4 Ra3 48.g5 h5 49.Bf5 Bc3 50.Ke3 Ra4 {70
moves} 1/2-1/2

[Event "European Seniors Teams Ch."]
[Site "Olympus"]
[Date "2011.05.11"]
[Round "9"]
[Board "1"]
[White "Baumbach, Friedrich Dr"]
[Black "Gundersen, Helge"]
[Result "1/2-1/2"]
[WhiteElo "2283"]
[BlackElo "2234"]
[PlyCount "84"]
[EventDate "2011.05.03"]
[EventType "team"]
[EventRounds "9"]
[EventCountry "GRE"]
[WhiteTeam "Stiftung BSW DBAG 1"]
[BlackTeam "Norway 1"]

1.d4 e6 2.Nf3 f5 3.g3 Nf6 4.Bg2 d5 5.O-O Bd6 6.b3 Qe7 7.c4 c6 8.Bb2 b6 9.Qc1 Bb7
10.Ba3 Nbd7 11.Bxd6 Qxd6 12.Qa3 c5 13.Nbd2 O-O 14.Rfd1 f4 15.Qb2 fxg3 16.hxg3
Ng4 17.Nf1 Ndf6 18.N1h2 cxd4 19.Nxg4 Nxg4 20.Qxd4 Nf6 21.Qe5 Rad8 22.Qxd6 Rxd6
23.Ne5 Nd7 24.Nxd7 Rxd7 25.Rac1 Rdf7 26.cxd5 Bxd5 27.Bxd5 exd5 28.f4 Rf5 29.Rc7
g5 30.e3 gxf4 31.exf4 R8f7 32.Rdc1 h5 33.Rxf7 Rxf7 34.Kg2 h4 35.Rc8+ Kg7 36.gxh4
Rxf4 37.Rc7+ Kf6 38.Kg3 Rd4 39.Rxa7 Rd3+ 40.Kf4 Rd4+ 41.Ke3 Rxh4 42.Rb7 Ke5 1/2-1/2

[Event "European Seniors Teams Ch."]
[Site "Olympus"]
[Date "2011.05.11"]
[Round "9"]
[Board "2"]
[White "Hauge, Tor Arne"]
[Black "Kugelmann, Werner"]
[Result "1/2-1/2"]
[WhiteElo "2157"]
[BlackElo "2226"]
[PlyCount "69"]
[EventDate "2011.05.03"]
[EventType "team"]
[EventRounds "9"]
[EventCountry "GRE"]
[WhiteTeam "Norway 1"]
[BlackTeam "Stiftung BSW DBAG 1"]

1.b3 d5 2.Bb2 Nc6 3.g3 e5 4.Bg2 Be6 5.e3 Nf6 6.Ne2 Qd7 7.O-O Bh3 8.d4 Bxg2
9.Kxg2 e4 10.c4 O-O-O 11.Nbc3 Nb4 12.Nf4 g5 13.Nfxd5 Nfxd5 14.Nxd5 Nxd5 15.cxd5
h5 16.f3 f5 17.fxe4 fxe4 18.h3 Qxd5 19.Qc2 g4 20.hxg4 hxg4 21.Qc4 c6 22.Qxd5
Rxd5 23.Rh1 Rdh5 24.Rxh5 Rxh5 25.Rf1 Bh6 26.Bc1 c5 27.Rd1 Kc7 28.a4 b6 29.Rf1
Rd5 30.Rf6 Rd6 31.Rf7+ Rd7 32.Rf6 Rd6 33.Rf7+ Rd7 34.Rf6 Rd6 35.Rf7+ 1/2-1/2

[Event "European Seniors Teams Ch."]
[Site "Olympus"]
[Date "2011.05.11"]
[Round "9"]
[Board "3"]
[White "Fleuch, Hans-Juergen"]
[Black "Theting, Helge E"]
[Result "1/2-1/2"]
[WhiteElo "2078"]
[BlackElo "2029"]
[PlyCount "47"]
[EventDate "2011.05.03"]
[EventType "team"]
[EventRounds "9"]
[EventCountry "GRE"]
[WhiteTeam "Stiftung BSW DBAG 1"]
[BlackTeam "Norway 1"]

1.d4 g6 2.Nf3 Bg7 3.Bf4 d6 4.e3 Nd7 5.Be2 e5 6.Bg3 exd4 7.exd4 Ne7 8.O-O O-O
9.c3 Nf5 10.Bf4 Nf6 11.Nbd2 Nh5 12.Bg3 Re8 13.Re1 Nfxg3 14.hxg3 Nf6 15.Bd3 Bg4
16.Qb3 Rb8 17.Rxe8+ Qxe8 18.Re1 Qd7 19.Ne4 Nxe4 20.Bxe4 c6 21.Bd3 Bxf3 22.gxf3
d5 23.Qa3 a6 24.Qe7 1/2-1/2

[Event "European Seniors Teams Ch."]
[Site "Olympus"]
[Date "2011.05.11"]
[Round "9"]
[Board "4"]
[White "Strand, Oyvin"]
[Black "Mai, Hartmut"]
[Result "1/2-1/2"]
[WhiteElo "1972"]
[BlackElo "1936"]
[PlyCount "89"]
[EventDate "2011.05.03"]
[EventType "team"]
[EventRounds "9"]
[EventCountry "GRE"]
[WhiteTeam "Norway 1"]
[BlackTeam "Stiftung BSW DBAG 1"]

1.d4 d5 2.e3 c6 3.Bd3 Nf6 4.b3 Bg4 5.f3 Bh5 6.Ne2 Bg6 7.O-O e6 8.Bb2 Be7 9.Nf4
Bxd3 10.Qxd3 Qc7 11.c4 Nbd7 12.cxd5 exd5 13.Nc3 O-O 14.Rac1 Nb6 15.g3 Qd7 16.e4
dxe4 17.fxe4 Rad8 18.Rcd1 Rfe8 19.Qf3 Bf8 20.e5 Nfd5 21.Ncxd5 Nxd5 22.Nh5 Qe6
23.g4 g6 24.Nf4 Nxf4 25.Qxf4 Rd7 26.Rc1 Red8 27.h4 c5 28.dxc5 Rd2 29.Rf2 Rxf2
30.Kxf2 Qd5 31.Qe3 Be7 32.g5 Qe6 33.Bd4 Qg4 34.Rc4 Qxh4+ 35.Qg3 Qe4 36.Be3 Qb1
37.e6 fxe6 38.Qc7 Rf8+ 39.Rf4 Qc2+ 40.Kg3 Rxf4 41.Qxe7 Rf5 42.Qe8+ Rf8 43.Qxe6+
Rf7 44.Qe8+ Rf8 45.Qe6+ 1/2-1/2